Statistics for Countries With The Highest Percentage Of Smokers

Click here to take the quiz!

General Stats

  • This quiz has been taken 87 times
  • The average score is 10 of 20

Answer Stats

%# of PeopleAnswer% Correct
40.959,687,194Russia
88%
35.32,452,801Bulgaria
77%
42.74,445,432Greece
77%
36.51,496,369Croatia
76%
41.73,639,115Serbia
74%
38.61,266,396Bosnia & Herzegovina
66%
33.23,555,381Czech Republic
57%
33.1438,419Estonia
57%
39.9109,135,922Indonesia
57%
35.23,165,748Austria
54%
36.6690,348Latvia
53%
35.33,992,632Cuba
46%
47.55,141Nauru
46%
38.07,264,156Chile
34%
38.22,607,319Lebanon
34%
32.525,111Andorra
32%
52.462,591Kiribati
32%
32.92,390,021Laos
24%
40.54,127,167Jordan
23%
36.02,871,713Sierra Leone
3%

Score Distribution

Percentile by Number Answered

Percent of People with Each Score

Your Score History

You have not taken this quiz